000 00393nam a2200157Ia 4500
005 20250326144308.0
008 250326s9999 xx 000 0 und d
037 _aTheseses
040 _aFMSL
_beng
_cFMSL
041 _aeng
_2eng
084 _qFMSL
100 _aVaish M
_9749413
245 0 _aVenture capital problems and prospects
_cVaish M
942 _cTH
999 _c1303188
_d1303188